[Event "26. Torneo Collado Villalba B"]
[Site "Collado Villalba ESP"]
[Date "2009.08.26"]
[Round "6.6"]
[White "Greciano Reiskila, Miguel C"]
[Black "Madurga Lopez, Ignacio"]
[Result "1-0"]
[WhiteElo "1964"]
[BlackElo "1816"]
[PlyCount "35"]
[EventDate "2009.08.21"]
[EventType "swiss"]
[EventRounds "9"]
[EventCountry "ESP"]
[Source "lmi"]
[SourceDate "2009.08.21"]

1. c4 e5 2. Nc3 Nc6 3. g3 g6 4. Bg2 Bg7 5. d3 d6 6. Nf3 f5 7. Bg5 Nf6 8. Nd5 h6
9. Bxf6 Bxf6 10. b4 Bg7 11. Nh4 g5 12. Ng6 Rh7 13. b5 Nd4 14. e3 Ne6 15. Qh5
Bf6 16. Nge7+ Kf8 17. Qg6 Rf7 18. Qg8# 1-0

[Event "26. Torneo Collado Villalba B"]
[Site "Collado Villalba ESP"]
[Date "2009.08.26"]
[Round "6.7"]
[White "Leniz Martinez, Francisco"]
[Black "Fernandez Garcia, Javier"]
[Result "1/2-1/2"]
[WhiteElo "1883"]
[BlackElo "1923"]
[PlyCount "74"]
[EventDate "2009.08.21"]
[EventType "swiss"]
[EventRounds "9"]
[EventCountry "ESP"]
[Source "lmi"]
[SourceDate "2009.08.21"]

1. e4 e6 2. d4 d5 3. Nd2 Nf6 4. e5 Nfd7 5. Bd3 c5 6. c3 Nc6 7. Ne2 f6 8. exf6
Nxf6 9. O-O e5 10. dxe5 Nxe5 11. Bb1 Bd6 12. Ng3 O-O 13. Nb3 Neg4 14. h3 Nxf2
15. Rxf2 Bxg3 16. Rf1 Qd6 17. Be3 b6 18. Bf2 Bh2+ 19. Kh1 Ba6 20. Re1 Ng4 21.
Qxg4 Rxf2 22. Qh4 Bg3 23. Qxh7+ Kf7 24. Qh5+ Kg8 25. Bg6 Be2 26. Bh7+ Kf8 27.
Rxe2 Rxe2 28. Qxe2 g6 29. Bxg6 Qxg6 30. Qf3+ Kg7 31. Qxd5 Rf8 32. Nd2 Bf4 33.
Nf1 Rf5 34. Qb7+ Rf7 35. Qc8 Qc2 36. Qg4+ Kf8 37. Qc8+ Kg7 1/2-1/2

[Event "26. Torneo Collado Villalba B"]
[Site "Collado Villalba ESP"]
[Date "2009.08.26"]
[Round "6.8"]
[White "Alvarez Serrano, Carlos"]
[Black "Garcia Serrano, Jose M"]
[Result "0-1"]
[WhiteElo "1715"]
[BlackElo "1908"]
[PlyCount "78"]
[EventDate "2009.08.21"]
[EventType "swiss"]
[EventRounds "9"]
[EventCountry "ESP"]
[Source "lmi"]
[SourceDate "2009.08.21"]

1. e4 e5 2. Nf3 Nc6 3. Bc4 Nf6 4. d3 h6 5. O-O Bc5 6. Nc3 d6 7. a3 Bg4 8. Be3
Bb6 9. Nd5 Nxd5 10. Bxd5 Qf6 11. Kh1 Ne7 12. Bxb6 axb6 13. Bxb7 Rb8 14. Bd5 c6
15. Bb3 Ng6 16. h3 h5 17. Kg1 Nf4 18. Kh2 Nxh3 19. Qd2 Nf4 20. Qe3 Rh6 21. Rh1
Nxg2 22. Kxg2 Bxf3+ 23. Qxf3 Rg6+ 24. Qg3 Rxg3+ 25. fxg3 Qg5 26. Raf1 f6 27.
Rf5 Qd2+ 28. Rf2 Qh6 29. Rf5 g5 30. Rhf1 Ke7 31. Rxf6 Qxf6 32. Rxf6 Kxf6 33. c4
g4 34. a4 Kg5 35. Bd1 h4 36. gxh4+ Kxh4 37. b4 Rf8 38. Be2 g3 39. Bf3 Rxf3 0-1

[Event "26. Torneo Collado Villalba B"]
[Site "Collado Villalba ESP"]
[Date "2009.08.26"]
[Round "6.9"]
[White "Soler Polo, Diego"]
[Black "Sebastian Enesco, Alex"]
[Result "0-1"]
[WhiteElo "1895"]
[BlackElo "1752"]
[PlyCount "58"]
[EventDate "2009.08.21"]
[EventType "swiss"]
[EventRounds "9"]
[EventCountry "ESP"]
[Source "lmi"]
[SourceDate "2009.08.21"]

1. e4 d5 2. exd5 Nf6 3. Nf3 Nxd5 4. Bc4 Bg4 5. c3 c6 6. d4 e6 7. h3 Bh5 8. g4
Bg6 9. Bg5 Be7 10. Bxe7 Qxe7 11. Ne5 Be4 12. Rh2 Nd7 13. Nxd7 Qxd7 14. Nd2 Qd6
15. Nxe4 Qxh2 16. Qf3 Qf4 17. Qe2 O-O-O 18. Nc5 e5 19. Ba6 exd4 20. Bxb7+ Kc7
21. Bxc6 Kxc6 22. Qa6+ Nb6 23. Qb7+ Kxc5 24. b4+ Kd6 25. Rd1 Rhe8+ 26. Kf1 Re4
27. Qxa7 Nd5 28. Qc5+ Ke6 29. Qc6+ Qd6 0-1

[Event "26. Torneo Collado Villalba B"]
[Site "Collado Villalba ESP"]
[Date "2009.08.26"]
[Round "6.10"]
[White "Perez Alvarez, Javier"]
[Black "Calderon Diestro, Maria Victoria"]
[Result "1-0"]
[WhiteElo "1736"]
[BlackElo "1818"]
[PlyCount "41"]
[EventDate "2009.08.21"]
[EventType "swiss"]
[EventRounds "9"]
[EventCountry "ESP"]
[Source "lmi"]
[SourceDate "2009.08.21"]

1. e4 e5 2. Nf3 Nc6 3. d4 exd4 4. Nxd4 Bc5 5. Be3 Qf6 6. c3 Nge7 7. Bc4 d6 8.
O-O a6 9. Kh1 Ne5 10. Be2 Qg6 11. f3 O-O 12. Nd2 Kh8 13. N2b3 Bb6 14. Qd2 c5
15. Nc2 Bc7 16. f4 N5c6 17. f5 Qf6 18. Bg5 Qe5 19. f6 Ng6 20. fxg7+ Qxg7 21.
Bf6 1-0

[Event "26. Torneo Collado Villalba B"]
[Site "Collado Villalba ESP"]
[Date "2009.08.26"]
[Round "6.11"]
[White "Vaquerizo Calvo, Miguel A"]
[Black "Monmeneu Chulia, Vicente Juan"]
[Result "1-0"]
[WhiteElo "1713"]
[BlackElo "1999"]
[PlyCount "41"]
[EventDate "2009.08.21"]
[EventType "swiss"]
[EventRounds "9"]
[EventCountry "ESP"]
[Source "lmi"]
[SourceDate "2009.08.21"]

1. e4 e6 2. d4 d5 3. Nc3 Bb4 4. Bd2 Ne7 5. Qg4 Kf8 6. O-O-O e5 7. Qg3 exd4 8.
Nxd5 Nxd5 9. exd5 Bxd2+ 10. Rxd2 Qxd5 11. Qxc7 Nc6 12. b3 b5 13. Qf4 Be6 14.
Nf3 Rd8 15. Ng5 Bf5 16. Bd3 Bxd3 17. Rxd3 Ne5 18. Rd2 f6 19. Rxd4 Qxg2 20.
Rxd8+ Ke7 21. Rdd1 1-0

[Event "26. Torneo Collado Villalba B"]
[Site "Collado Villalba ESP"]
[Date "2009.08.26"]
[Round "6.12"]
[White "Fernandez-Gallardo Romero, Alvaro"]
[Black "Marco Catala, Juan Bautista"]
[Result "1-0"]
[WhiteElo "1640"]
[BlackElo "1898"]
[PlyCount "53"]
[EventDate "2009.08.21"]
[EventType "swiss"]
[EventRounds "9"]
[EventCountry "ESP"]
[Source "lmi"]
[SourceDate "2009.08.21"]

1. e4 d6 2. d4 Nf6 3. Nc3 g6 4. Nf3 Bg7 5. Be2 O-O 6. O-O c6 7. a4 Qc7 8. h3
Nbd7 9. Be3 e5 10. dxe5 dxe5 11. Nd2 b6 12. Nc4 Nc5 13. Bxc5 bxc5 14. Bd3 Be6
15. Re1 Rfd8 16. Qe2 Nh5 17. Rad1 Nf4 18. Qe3 Rd4 19. b3 Rad8 20. Nb2 Bh6 21.
Qf3 Qd7 22. Kh2 Nxd3 23. Nxd3 Qd6 24. Ne2 Bxb3 25. Nxd4 Bxa4 26. Nb3 c4 27.
Ndc5 1-0

[Event "26. Torneo Collado Villalba B"]
[Site "Collado Villalba ESP"]
[Date "2009.08.26"]
[Round "6.15"]
[White "Arranz Maurelle, Gustavo"]
[Black "Cepas Castillo, Juan Carlos"]
[Result "1/2-1/2"]
[WhiteElo "1816"]
[BlackElo "1618"]
[PlyCount "62"]
[EventDate "2009.08.21"]
[EventType "swiss"]
[EventRounds "9"]
[EventCountry "ESP"]
[Source "lmi"]
[SourceDate "2009.08.21"]

1. e4 c6 2. Nc3 d5 3. Nf3 dxe4 4. Nxe4 Nd7 5. b3 Ngf6 6. d3 Nxe4 7. dxe4 Qa5+
8. Qd2 Qxd2+ 9. Bxd2 Nf6 10. Bd3 g6 11. O-O Bg7 12. Rad1 Bg4 13. Be3 O-O 14.
Rd2 Bxf3 15. gxf3 Rfd8 16. Rfd1 b6 17. Ba6 Rxd2 18. Rxd2 Rb8 19. Bf4 Re8 20.
Bb7 c5 21. Kf1 e5 22. Bg5 h6 23. Bxf6 Bxf6 24. Rd7 Rd8 25. Rc7 Re8 26. Bd5 Re7
27. Rxe7 Bxe7 28. Ke2 Bd8 29. a3 Kf8 30. Kd3 Ke7 31. Kc4 a5 1/2-1/2

[Event "26. Torneo Collado Villalba B"]
[Site "Collado Villalba ESP"]
[Date "2009.08.26"]
[Round "6.16"]
[White "Gonzalez Del Valls, Javier"]
[Black "Benito Alba, Eladio"]
[Result "1/2-1/2"]
[WhiteElo "1731"]
[BlackElo "1807"]
[PlyCount "48"]
[EventDate "2009.08.21"]
[EventType "swiss"]
[EventRounds "9"]
[EventCountry "ESP"]
[Source "lmi"]
[SourceDate "2009.08.21"]

1. e4 c6 2. d4 d5 3. Nc3 dxe4 4. Nxe4 Bf5 5. Ng3 Bg6 6. h4 h6 7. Nf3 Nd7 8. h5
Bh7 9. Bd3 Bxd3 10. Qxd3 e6 11. Bf4 Ngf6 12. O-O-O Nd5 13. Bd2 Bd6 14. Ne4 N7f6
15. Nxd6+ Qxd6 16. Ne5 O-O 17. g4 Nb4 18. Bxb4 Qxb4 19. c3 Qa5 20. Kb1 c5 21.
dxc5 Qxc5 22. Qd4 Qc7 23. Nd7 Nxd7 24. Qxd7 Qb6 1/2-1/2

[Event "26. Torneo Collado Villalba B"]
[Site "Collado Villalba ESP"]
[Date "2009.08.26"]
[Round "6.21"]
[White "Saez Gabikagogeaskoa, Oscar"]
[Black "Martinez Sanz, Matias"]
[Result "1-0"]
[WhiteElo "1999"]
[BlackElo "1700"]
[PlyCount "85"]
[EventDate "2009.08.21"]
[EventType "swiss"]
[EventRounds "9"]
[EventCountry "ESP"]
[Source "lmi"]
[SourceDate "2009.08.21"]

1. e4 c5 2. Nf3 d6 3. d4 cxd4 4. Nxd4 Nf6 5. Nc3 g6 6. Be3 Bg7 7. f3 h5 8. Qd2
a6 9. Bc4 b5 10. Bb3 Bb7 11. O-O-O Nbd7 12. h4 Rc8 13. Kb1 Ne5 14. Qe1 Nc4 15.
Bxc4 Rxc4 16. e5 dxe5 17. Ne6 Qxd1+ 18. Qxd1 fxe6 19. Qd3 Kf7 20. Rh3 Rhc8 21.
Rg3 e4 22. fxe4 Nxe4 23. Rf3+ Kg8 24. Rf4 Nxc3+ 25. bxc3 Rxf4 26. Bxf4 Rc4 27.
Qd8+ Kf7 28. Bg5 Bf8 29. Qd2 Bg7 30. Qd7 Bd5 31. Qxe7+ Kg8 32. Bf6 Bxf6 33.
Qxf6 Kh7 34. Qf7+ Kh6 35. Qf8+ Kh7 36. g3 Ra4 37. Qf7+ Kh8 38. Qxg6 Bxa2+ 39.
Kc1 Bc4 40. Qxh5+ Kg7 41. Qg5+ Kh8 42. h5 Bd5 43. h6 1-0

[Event "26. Torneo Collado Villalba B"]
[Site "Collado Villalba ESP"]
[Date "2009.08.26"]
[Round "6.22"]
[White "Rubio Campos, Juan"]
[Black "Aguado Garcia, Pablo"]
[Result "1-0"]
[WhiteElo "1676"]
[BlackElo "1884"]
[PlyCount "67"]
[EventDate "2009.08.21"]
[EventType "swiss"]
[EventRounds "9"]
[EventCountry "ESP"]
[Source "lmi"]
[SourceDate "2009.08.21"]

1. e4 e5 2. Nf3 Nc6 3. Bc4 Nf6 4. Ng5 Bc5 5. Bxf7+ Ke7 6. Bd5 Rf8 7. O-O d6 8.
c3 Bg4 9. Nf3 Bxf3 10. gxf3 Qe8 11. Bxc6 bxc6 12. d4 Bb6 13. Be3 Qh5 14. Nd2
Nd7 15. d5 Rf6 16. Re1 Rg6+ 17. Kh1 Rf8 18. Bxb6 Rh6 19. Nf1 Nxb6 20. f4 Qh3
21. Re3 Qh4 22. Rg3 Rxf4 23. Rxg7+ Kf8 24. Rg2 Rxf2 25. Rxf2+ Qxf2 26. dxc6 Rg6
27. Ng3 Qxb2 28. Qf3+ Kg8 29. Rf1 Kh8 30. Nh5 Qxa2 31. Qf8+ Qg8 32. Qe7 Na8 33.
Nf6 Rg7 34. Nxg8 1-0

[Event "26. Torneo Collado Villalba B"]
[Site "Collado Villalba ESP"]
[Date "2009.08.26"]
[Round "6.24"]
[White "Sadaba Rodriguez, Igor"]
[Black "Parreno Cueto, Andres"]
[Result "1-0"]
[WhiteElo "1674"]
[BlackElo "1829"]
[PlyCount "69"]
[EventDate "2009.08.21"]
[EventType "swiss"]
[EventRounds "9"]
[EventCountry "ESP"]
[Source "lmi"]
[SourceDate "2009.08.21"]

1. d4 d5 2. c4 e5 3. dxe5 d4 4. Nf3 Nc6 5. g3 Bg4 6. Bg2 Qd7 7. O-O Nge7 8.
Nbd2 Ng6 9. a3 a5 10. b3 Be7 11. Bb2 O-O 12. Ne4 Bf5 13. Nxd4 Ncxe5 14. Nxf5
Qxf5 15. Qb1 Rfd8 16. Rd1 a4 17. Bc3 Qe6 18. Rxd8+ Rxd8 19. bxa4 Qxc4 20. Bxe5
Nxe5 21. Qb5 Qd4 22. Rb1 f5 23. e3 Qd3 24. Nc3 Qxb5 25. Nxb5 c6 26. Nd4 Bxa3
27. Rxb7 g6 28. Bxc6 Rd6 29. Bb5 Bc5 30. a5 Bxd4 31. exd4 Rxd4 32. a6 Nf7 33.
a7 Rd1+ 34. Kg2 Ra1 35. Rb8+ 1-0

[Event "26. Torneo Collado Villalba B"]
[Site "Collado Villalba ESP"]
[Date "2009.08.27"]
[Round "7.2"]
[White "Piriz Fernandez, Daniel"]
[Black "Camarero Izquierdo, Juan C"]
[Result "1-0"]
[WhiteElo "1793"]
[BlackElo "1950"]
[PlyCount "87"]
[EventDate "2009.08.21"]
[EventType "swiss"]
[EventRounds "9"]
[EventCountry "ESP"]
[Source "lmi"]
[SourceDate "2009.08.21"]

1. d4 Nf6 2. c4 g6 3. Nc3 Bg7 4. e4 d6 5. Be2 Nc6 6. Bg5 e5 7. d5 Ne7 8. f3 h6
9. Be3 g5 10. Qd2 Ng6 11. g3 O-O 12. h4 Nh7 13. h5 Ne7 14. f4 exf4 15. gxf4 f6
16. Nf3 c5 17. O-O-O a6 18. Rdg1 Bd7 19. e5 dxe5 20. fxg5 fxg5 21. Nxg5 hxg5
22. Bxg5 Kh8 23. d6 Bf6 24. Bxf6+ Rxf6 25. dxe7 Qxe7 26. Nd5 Qd6 27. Nxf6 Qxd2+
28. Kxd2 Nxf6 29. Rg6 Ne4+ 30. Ke3 Bf5 31. Rh6+ Kg7 32. Rb6 Rd8 33. Rf1 Bh7 34.
Rxb7+ Kh8 35. Rxh7+ Kxh7 36. Kxe4 Rd2 37. Bd3 Rxb2 38. Rf6 Rxa2 39. Kxe5+ Kg8
40. h6 Rh2 41. h7+ Kg7 42. Rg6+ Kf7 43. Rg8 Rh5+ 44. Bf5 1-0

[Event "26. Torneo Collado Villalba B"]
[Site "Collado Villalba ESP"]
[Date "2009.08.27"]
[Round "7.3"]
[White "Tarin Casado, Francisco"]
[Black "Greciano Reiskila, Miguel C"]
[Result "0-1"]
[WhiteElo "1863"]
[BlackElo "1964"]
[PlyCount "62"]
[EventDate "2009.08.21"]
[EventType "swiss"]
[EventRounds "9"]
[EventCountry "ESP"]
[Source "lmi"]
[SourceDate "2009.08.21"]

1. b3 e5 2. Bb2 Nc6 3. e3 d5 4. Bb5 Bd6 5. f4 f6 6. Bxc6+ bxc6 7. fxe5 fxe5 8.
Qh5+ g6 9. Qe2 Qh4+ 10. Qf2 Qxf2+ 11. Kxf2 Nf6 12. Ne2 O-O 13. h3 Ba6 14. Ke1
Bxe2 15. Kxe2 Ne4 16. Ke1 Ng3 17. Rg1 Rf7 18. d3 Raf8 19. Nd2 Rf2 20. Kd1 Re2
21. Nf1 Bb4 22. Nxg3 Rd2+ 23. Kc1 Rff2 24. c3 Be7 25. Rb1 Rc2+ 26. Kd1 Rfd2+
27. Ke1 Bh4 28. Kf1 Bxg3 29. Ba3 Rf2+ 30. Ke1 Rxg2+ 31. Kd1 Rgd2# 0-1

[Event "26. Torneo Collado Villalba B"]
[Site "Collado Villalba ESP"]
[Date "2009.08.27"]
[Round "7.4"]
[White "Martin Duque, Jesus"]
[Black "Perez Alvarez, Javier"]
[Result "1-0"]
[WhiteElo "1930"]
[BlackElo "1736"]
[PlyCount "123"]
[EventDate "2009.08.21"]
[EventType "swiss"]
[EventRounds "9"]
[EventCountry "ESP"]
[Source "lmi"]
[SourceDate "2009.08.21"]

1. e4 e6 2. d4 d5 3. e5 c5 4. c3 Qb6 5. Nf3 Nc6 6. a3 c4 7. Nbd2 Na5 8. g3 Bd7
9. h4 Ne7 10. Bh3 h6 11. O-O O-O-O 12. Re1 Kb8 13. Rb1 g6 14. Nh2 Ng8 15. Qf3
Rh7 16. Ng4 Be7 17. Qe2 Nb3 18. Nxb3 Qxb3 19. Bd2 Ba4 20. Bg2 h5 21. Nh2 Nh6
22. Bh3 Qb6 23. Be3 Rg8 24. Nf3 Nf5 25. Bxf5 gxf5 26. Bg5 Qc7 27. Qd2 Bb3 28.
Bxe7 Qxe7 29. Ng5 Rhg7 30. f4 Rh8 31. Ra1 a5 32. Qf2 a4 33. Kh2 Rhg8 34. Nf3
Rg4 35. Rac1 Kc7 36. Nd2 Ra8 37. Nf3 Rag8 38. Rg1 Kc6 39. Ng5 Rg7 40. Nf3 Rg8
41. Nd2 Ra8 42. Kh3 Kc7 43. Ra1 b5 44. Qe2 Ra7 45. Nf1 Ra8 46. Ne3 Rgg8 47.
Qxh5 Rg6 48. g4 fxg4+ 49. Rxg4 Rag8 50. Rag1 Rxg4 51. Rxg4 Rxg4 52. Qxg4 Ba2
53. Qg5 Qf8 54. h5 Bb1 55. h6 Kd7 56. Qg7 Ke8 57. Kh4 Bg6 58. Ng4 b4 59. Nf6+
Ke7 60. axb4 Bf5 61. Qxf8+ Kxf8 62. b5 1-0

[Event "26. Torneo Collado Villalba B"]
[Site "Collado Villalba ESP"]
[Date "2009.08.27"]
[Round "7.5"]
[White "Sebastian Enesco, Alex"]
[Black "Montero Garcia, Fco  Javier"]
[Result "1/2-1/2"]
[WhiteElo "1752"]
[BlackElo "1912"]
[PlyCount "86"]
[EventDate "2009.08.21"]
[EventType "swiss"]
[EventRounds "9"]
[EventCountry "ESP"]
[Source "lmi"]
[SourceDate "2009.08.21"]

1. e4 c5 2. c3 Nf6 3. e5 Nd5 4. d4 cxd4 5. cxd4 Nc6 6. Nf3 d6 7. Be2 Bf5 8. O-O
e6 9. Nbd2 dxe5 10. a3 exd4 11. Nb3 e5 12. Bb5 f6 13. Re1 Be7 14. Nh4 Qd7 15.
Na5 Be6 16. Qa4 Rc8 17. Bd2 a6 18. Bxc6 bxc6 19. Rac1 c5 20. Qd1 O-O 21. Qe2
Bg4 22. f3 Bh5 23. g4 Bf7 24. Qxa6 c4 25. Rxc4 Rxc4 26. Nxc4 Ra8 27. Qxa8+ Bf8
28. Rc1 h5 29. Bb4 Nxb4 30. axb4 hxg4 31. Qe4 gxf3 32. Nxf3 Bd5 33. Qe2 Qg4+
34. Kf2 Bxb4 35. Rg1 Qf4 36. Nb6 Bb7 37. Qc4+ Kh7 38. Rg3 Qe3+ 39. Kf1 Bxf3 40.
Rh3+ Kg6 41. Rg3+ Kh6 42. Qxb4 Qe2+ 43. Kg1 Qe3+ 1/2-1/2

[Event "26. Torneo Collado Villalba B"]
[Site "Collado Villalba ESP"]
[Date "2009.08.27"]
[Round "7.6"]
[White "Garcia Serrano, Jose M"]
[Black "Tolosana Esteban, Enrique"]
[Result "1-0"]
[WhiteElo "1908"]
[BlackElo "1861"]
[PlyCount "79"]
[EventDate "2009.08.21"]
[EventType "swiss"]
[EventRounds "9"]
[EventCountry "ESP"]
[Source "lmi"]
[SourceDate "2009.08.21"]

1. e4 c5 2. d4 cxd4 3. c3 d3 4. c4 Nf6 5. Bxd3 d6 6. Nc3 g6 7. h3 Bg7 8. Nf3
O-O 9. O-O a6 10. Be3 Qc7 11. Qe2 Nbd7 12. Rac1 Nc5 13. Bb1 Rb8 14. b4 Ne6 15.
Rfd1 Bd7 16. Nd5 Qd8 17. Nb6 Bc6 18. Nd2 Nh5 19. Nb3 Nef4 20. Qf1 Bh6 21. b5
Nxh3+ 22. gxh3 Bxe3 23. fxe3 axb5 24. cxb5 Qxb6 25. bxc6 bxc6 26. Qf2 Rbd8 27.
Kh1 c5 28. e5 dxe5 29. Rxd8 Rxd8 30. Nxc5 f5 31. a4 Rc8 32. Qa2+ Kh8 33. Qd5
Qb2 34. Rg1 Qf2 35. Qxe5+ Ng7 36. Ne6 Qf3+ 37. Kh2 Rg8 38. Ng5 Qe2+ 39. Rg2 Qc4
40. Ba2 1-0

[Event "26. Torneo Collado Villalba B"]
[Site "Collado Villalba ESP"]
[Date "2009.08.27"]
[Round "7.7"]
[White "Corbinos Cuartero, Manuel A"]
[Black "Avendano Mateos, Jose"]
[Result "0-1"]
[WhiteElo "1864"]
[BlackElo "1925"]
[PlyCount "114"]
[EventDate "2009.08.21"]
[EventType "swiss"]
[EventRounds "9"]
[EventCountry "ESP"]
[Source "lmi"]
[SourceDate "2009.08.21"]

1. d4 d5 2. c4 c6 3. Nf3 Nf6 4. Nc3 g6 5. h3 Bg7 6. Bf4 Qb6 7. Qc1 Bf5 8. e3
O-O 9. Be2 Nbd7 10. O-O Rac8 11. c5 Qd8 12. Ne5 Nxe5 13. Bxe5 Ne8 14. Bxg7 Nxg7
15. Bf3 f6 16. Qd1 Qd7 17. Re1 Rcd8 18. e4 dxe4 19. Bxe4 Kh8 20. Bf3 Rfe8 21.
Qb3 Be6 22. Qa4 Nf5 23. d5 Bxd5 24. Nxd5 cxd5 25. Qxa7 Nd4 26. Bd1 Ra8 27. Qb6
Ra6 28. Qb4 e5 29. f4 Nc6 30. Qc3 d4 31. Qc4 Qe6 32. Qb5 Qe7 33. fxe5 Ra5 34.
Qc4 Rxc5 35. Qd3 Rxe5 36. Rxe5 Qxe5 37. Bf3 Qc5 38. Qb3 Re7 39. Rd1 Nd8 40. Qd3
Ne6 41. Kh1 Kg7 42. Qb3 Nd8 43. Qd3 Rd7 44. Re1 Nf7 45. Qb3 b6 46. Qa4 b5 47.
Qb3 Ne5 48. Qe6 Qd6 49. Qb3 b4 50. Be4 d3 51. a3 bxa3 52. bxa3 Qd4 53. Bf3 Qf2
54. Rxe5 fxe5 55. Qe6 Qd4 56. Bd1 d2 57. Qc6 Rf7 0-1

[Event "26. Torneo Collado Villalba B"]
[Site "Collado Villalba ESP"]
[Date "2009.08.27"]
[Round "7.8"]
[White "Fernandez Garcia, Javier"]
[Black "Lopez Garralon, Miguel"]
[Result "1-0"]
[WhiteElo "1923"]
[BlackElo "1796"]
[PlyCount "65"]
[EventDate "2009.08.21"]
[EventType "swiss"]
[EventRounds "9"]
[EventCountry "ESP"]
[Source "lmi"]
[SourceDate "2009.08.21"]

1. Nf3 d5 2. d4 Bg4 3. Ne5 Bh5 4. Qd3 e6 5. Qh3 Bg6 6. Nxg6 hxg6 7. Qxh8 Nh6 8.
Bxh6 gxh6 9. Nc3 Nc6 10. e3 a6 11. h4 Qe7 12. h5 O-O-O 13. Qh7 Qf6 14. hxg6
fxg6 15. Bd3 Ne7 16. Rh3 Rd7 17. Rxh6 Bxh6 18. Qxh6 Rd8 19. Qf4 Qh8 20. O-O-O
Rf8 21. Qg3 Qf6 22. f3 b5 23. Rh1 Nf5 24. Bxf5 exf5 25. Nxd5 Qf7 26. Qxc7+ Qxc7
27. Nxc7 Kxc7 28. Kd2 Kd6 29. Rh6 Rf6 30. Kd3 Kd5 31. e4+ fxe4+ 32. fxe4+ Ke6
33. e5 1-0

[Event "26. Torneo Collado Villalba B"]
[Site "Collado Villalba ESP"]
[Date "2009.08.27"]
[Round "7.9"]
[White "Morona Minguez, Irene"]
[Black "Leniz Martinez, Francisco"]
[Result "1/2-1/2"]
[WhiteElo "1813"]
[BlackElo "1883"]
[PlyCount "144"]
[EventDate "2009.08.21"]
[EventType "swiss"]
[EventRounds "9"]
[EventCountry "ESP"]
[Source "lmi"]
[SourceDate "2009.08.21"]

1. e4 c5 2. Nf3 e6 3. d4 cxd4 4. Nxd4 a6 5. Bd3 Bc5 6. Nb3 Ba7 7. Qe2 Nc6 8.
Be3 Ne5 9. Nc3 Ne7 10. Bxa7 Rxa7 11. O-O-O Qc7 12. Kb1 b5 13. Bxb5 Qb6 14. Bd3
O-O 15. f4 Nxd3 16. Qxd3 Nc6 17. Qd6 Qc7 18. Qxc7 Rxc7 19. Rd6 Nb8 20. Rhd1 Bb7
21. Na5 Ba8 22. Nb3 Rfc8 23. R1d2 Kf8 24. e5 Rc4 25. R6d4 Ke7 26. Na4 Rxd4 27.
Nxd4 Bb7 28. Nb3 Rc4 29. Nac5 Bd5 30. g3 d6 31. exd6+ Kxd6 32. Nb7+ Kc7 33.
N7a5 Re4 34. a3 Re1+ 35. Ka2 Nc6 36. Nxc6 Kxc6 37. Rd3 Bc4 38. Rd2 f6 39. Rd4
Bxb3+ 40. Kxb3 e5 41. fxe5 fxe5 42. Rg4 g6 43. Rh4 h5 44. Rc4+ Kb6 45. Rc8 Re3+
46. c3 Re2 47. Re8 g5 48. h4 gxh4 49. gxh4 Re4 50. Re6+ Kb7 51. c4 Rxh4 52.
Rxe5 Rh1 53. Re7+ Kb6 54. Re6+ Kb7 55. Rh6 h4 56. Kb4 h3 57. b3 h2 58. Ka4 Ka7
59. Rh4 Kb7 60. c5 Kc7 61. Ka5 Ra1 62. Rxh2 Rxa3+ 63. Kb4 Ra1 64. Rd2 Kc6 65.
Rd6+ Kc7 66. Re6 Kb7 67. Kc4 Rc1+ 68. Kb4 Ra1 69. Re3 Kc6 70. Re2 a5+ 71. Kc3
Rc1+ 72. Kb2 Rxc5 1/2-1/2

[Event "26. Torneo Collado Villalba B"]
[Site "Collado Villalba ESP"]
[Date "2009.08.27"]
[Round "7.10"]
[White "Valderrama Arroyo, Victor"]
[Black "Vaquerizo Calvo, Miguel A"]
[Result "1-0"]
[WhiteElo "1882"]
[BlackElo "1713"]
[PlyCount "53"]
[EventDate "2009.08.21"]
[EventType "swiss"]
[EventRounds "9"]
[EventCountry "ESP"]
[Source "lmi"]
[SourceDate "2009.08.21"]

1. d4 Nf6 2. c4 c5 3. d5 e6 4. Nc3 exd5 5. cxd5 d6 6. e4 g6 7. Bg5 Bg7 8. f4
O-O 9. Nf3 Nbd7 10. Be2 Re8 11. Qc2 a6 12. a4 Qa5 13. O-O Qc7 14. h3 Rb8 15.
Nd2 c4 16. Nxc4 b5 17. axb5 axb5 18. e5 bxc4 19. exf6 Nxf6 20. Qa4 Rxb2 21.
Bxf6 Bxf6 22. Qxe8+ Kg7 23. Rac1 Qa5 24. Qxc8 Bxc3 25. Qxc4 Qa7+ 26. Kh1 Bf6
27. Rc2 1-0

[Event "26. Torneo Collado Villalba B"]
[Site "Collado Villalba ESP"]
[Date "2009.08.27"]
[Round "7.13"]
[White "Alvarez Serrano, Carlos"]
[Black "Saez Gabikagogeaskoa, Oscar"]
[Result "1/2-1/2"]
[WhiteElo "1715"]
[BlackElo "1999"]
[PlyCount "73"]
[EventDate "2009.08.21"]
[EventType "swiss"]
[EventRounds "9"]
[EventCountry "ESP"]
[Source "lmi"]
[SourceDate "2009.08.21"]

1. e4 c5 2. Nf3 Nc6 3. d4 cxd4 4. Nxd4 Nf6 5. Nc3 e5 6. Ndb5 d6 7. Bg5 a6 8.
Na3 b5 9. Bxf6 gxf6 10. Nd5 f5 11. Bd3 Be6 12. O-O Bg7 13. Qh5 f4 14. c4 b4 15.
Nc2 Rb8 16. b3 O-O 17. g3 fxg3 18. hxg3 h6 19. Kg2 Qg5 20. Qxg5 hxg5 21. Rh1 f5
22. Rh5 f4 23. Rxg5 f3+ 24. Kg1 Kf7 25. Ne1 Nd4 26. Rh5 Bxd5 27. cxd5 a5 28.
Nc2 Kg6 29. Rh3 Nxc2 30. Bxc2 Rbc8 31. Bd3 Rc3 32. Bc4 Rc2 33. a3 Bh6 34. a4
Bd2 35. Rd1 Bc3 36. Bd3 Rb2 37. Bc4 1/2-1/2

[Event "26. Torneo Collado Villalba B"]
[Site "Collado Villalba ESP"]
[Date "2009.08.27"]
[Round "7.14"]
[White "Calderon Diestro, Maria Victoria"]
[Black "Garcia Burguillo, Javier"]
[Result "0-1"]
[WhiteElo "1818"]
[BlackElo "1702"]
[PlyCount "34"]
[EventDate "2009.08.21"]
[EventType "swiss"]
[EventRounds "9"]
[EventCountry "ESP"]
[Source "lmi"]
[SourceDate "2009.08.21"]

1. e4 d5 2. exd5 Qxd5 3. Nc3 Qa5 4. d4 Nf6 5. Nf3 Bf5 6. Bd2 c6 7. Bc4 Qc7 8.
Ne5 e6 9. Bf4 Bd6 10. O-O Nbd7 11. Re1 Bxe5 12. Bxe5 Nxe5 13. Rxe5 O-O-O 14.
Bb3 Ng4 15. Nb5 cxb5 16. Qxg4 Bxg4 17. Rc5 Qxc5 0-1

[Event "26. Torneo Collado Villalba B"]
[Site "Collado Villalba ESP"]
[Date "2009.08.27"]
[Round "7.15"]
[White "Madurga Lopez, Ignacio"]
[Black "Rubio Campos, Juan"]
[Result "1/2-1/2"]
[WhiteElo "1816"]
[BlackElo "1676"]
[PlyCount "41"]
[EventDate "2009.08.21"]
[EventType "swiss"]
[EventRounds "9"]
[EventCountry "ESP"]
[Source "lmi"]
[SourceDate "2009.08.21"]

1. e4 e5 2. Nf3 Nf6 3. Nxe5 d6 4. Nf3 Nxe4 5. c4 Be7 6. d4 O-O 7. Be2 Re8 8.
O-O c6 9. Nc3 Nxc3 10. bxc3 d5 11. Be3 Be6 12. Qb3 Qc7 13. Ne5 b6 14. f4 Nd7
15. f5 dxc4 16. Bxc4 Bxc4 17. Nxc4 b5 18. Bf4 bxc4 19. Qxc4 Nb6 20. Bxc7 Nxc4
21. Rae1 1/2-1/2